Umění zmizet /

Matka a dcera, lži a temná minulost - psychothriller americké autorky.

Uloženo v:
Hlavní autor: Pekkanen, Sarah (Autor)
Další autoři: Čupová, Jitka, 1975- (Autor)
Médium: Kniha
Jazyk:Czech
Vydáno: Praha : Dobrovský s.r.o., 2025
Edice:Vendeta
Témata:
Celkem bylo vypůjčeno:0x
Tagy:
Žádné tagy
LEADER 02428nam a2200421 i 4500
001 106468
003 CZ PrNK
005 20260603113343.0
007 ta
008 250704s2025 xr g 000 f cze
015 |a cnb003692726 
020 |a 9788027741632  |q (vázáno) :  |c Kč 399,00 
040 |a ABG001  |b cze  |e rda 
041 1 |a cze  |h eng 
072 7 |a 821.111(73)-3  |x Americká próza  |2 Konspekt  |9 25 
080 |a 821.111(73)-31  |2 MRF 
080 |a (0:82-312.4)  |2 MRF 
100 1 |a Pekkanen, Sarah  |7 xx0225068  |4 aut  |9 108598 
240 1 0 |a Gone tonight.  |l Česky 
245 1 0 |a Umění zmizet /  |c Sarah Pekkanen ; přeložila Jitka Čupová 
264 1 |a Praha :  |b Dobrovský s.r.o.,  |c 2025 
300 |a 382 stran ;  |c 21 cm 
336 |a text  |b txt  |2 rdacontent 
337 |a bez média  |b n  |2 rdamedia 
338 |a svazek  |b nc  |2 rdacarrier 
490 1 |a Vendeta 
500 |a Přeloženo z angličtiny 
520 2 |a Matka a dcera, lži a temná minulost - psychothriller americké autorky.  |b Ruth Sterlingová je tichá, pracovitá žena, která žije jen pro svou dceru. Celý život jsou to jen ony dvě proti celému světu. Teď se ale Catherine rozhodla, že roztáhne svá křídla, odstěhuje se a začne budovat kariéru. A Ruth je odhodlaná udělat všechno pro to, aby jí v tom zabránila. Ruth se domnívá, že svou dceru dobře zná. Catherine by se jí nikdy nevzepřela a nikdy by nezapochybovala o její minulosti či rodině. Když se však v Rutině pečlivě zkonstruovaném životním příběhu začnou objevovat trhliny, matka i dcera se začnou zaplétat do pavučiny lží. Pravda o Rutině minulosti totiž nesmí vyjít najevo. K jejich častému stěhování ji vedly velmi dobré důvody, stejně jako k tomu, že byla celou tu dobu připravená kdykoliv beze stopy zmizet. Jenže nebezpečí se blíží. Nebo by se měla obávat spíše temných zákoutí duše vlastní dcery? Nakladatelská anotace. Kráceno. 
655 7 |a americké romány  |7 fd131796  |2 czenas  |9 53403 
655 7 |a thrillery (romány)  |7 fd184206  |2 czenas  |9 54254 
655 9 |a American fiction  |2 eczenas 
655 9 |a thrillers (novels)  |2 eczenas 
700 1 |a Čupová, Jitka,  |d 1975-  |7 xx0260599  |4 trl  |9 114386 
830 0 |a Vendeta 
910 |a UOG502 
942 |2 ddc  |c KN 
999 |d 106468 
993 |0 0  |1 421180107185  |2 ddc  |4 0  |7 0  |9 99904  |b 0  |c 107185  |d 2026-06-03  |e 0  |f DOSP  |h 399.00  |i Koupě  |l DOSP  |r 2026-06-05  |t 6  |w 2026-06-03  |y KN  |z BELET  |n